La expresión artística: un estudio sociológico
Na minha lista:
| Autor principal: | |
|---|---|
| Formato: | Livro |
| Idioma: | espanhol |
| Publicado em: |
Buenos Aires
Amorrortu
1970
|
| Assuntos: | |
| Tags: |
Adicionar Tag
Sem tags, seja o primeiro a adicionar uma tag!
|
MARC
| LEADER | 00000nam a2200000 a 4500 | ||
|---|---|---|---|
| 001 | UCP5960 | ||
| 003 | CL-VaPUC | ||
| 008 | 991001e19700000AG |||||||||||||||||spa|d | ||
| 082 | 0 | 4 | |a 306.47 |b KAV |2 21 |
| 100 | 0 | |a Kavolis, Vytautas |e author |9 434670 | |
| 245 | 1 | 3 | |a La expresión artística: un estudio sociológico |
| 300 | |a 239 p | ||
| 942 | |c BK | ||
| 945 | |d 19991001 00:00:00 |a crobeson | ||
| 260 | |a Buenos Aires |b Amorrortu |c 1970 | ||
| 650 | 0 | |a Sociología del arte |9 306278 | |
| 650 | 0 | |a Arte y sociedad |9 306277 | |
| 650 | 0 | |a Creación artística |9 266215 | |
| 650 | 0 | |a Estilos artísticos |9 340996 | |
| 650 | 7 | |a EXPRESIONISMO |2 CL-VaPUC |9 268711 | |
| 650 | 0 | |a Arte abstracto |9 265105 | |
| 583 | |a last modification |c 19991001 00:00:00 |k Rodrigo Vera | ||
| 999 | |c 283597 |d 283595 | ||
| 952 | |0 0 |1 0 |4 0 |6 306_470000000000000_KAV_1970 |7 0 |8 A |9 326870 |a BIBHIS |b BIBHIS |d 2019-11-20 |i 1358448 |o 306.47 KAV 1970 |p 1358448 |r 2025-01-20 |w 2019-11-20 |y BK |k HIS | ||